Lateinamerika: transnationale Dynamiken der Sicherheit und Justiz
Editorial
| VerfasserInnen: | ; |
|---|---|
| Medienart: | Elektronisch Aufsatz |
| Sprache: | Deutsch |
| Veröffentlicht: |
2016
|
| In: |
Kriminologisches Journal
Jahr: 2016, Band: 48, Heft: 4, Seiten: 255-258 |
| Online-Zugang: |
Volltext (kostenfrei) |
| Verfügbarkeit prüfen: | HBZ Gateway |
MARC
| LEADER | 00000caa a22000002c 4500 | ||
|---|---|---|---|
| 001 | 1920858229 | ||
| 003 | DE-627 | ||
| 005 | 20250403082527.0 | ||
| 007 | cr uuu---uuuuu | ||
| 008 | 250331s2016 xx |||||o 00| ||ger c | ||
| 035 | |a (DE-627)1920858229 | ||
| 035 | |a (DE-599)KXP1920858229 | ||
| 040 | |a DE-627 |b ger |c DE-627 |e rda | ||
| 041 | |a ger | ||
| 084 | |a 2,1 |2 ssgn | ||
| 100 | 1 | |a Hochmüller, Markus |d 1985- |e VerfasserIn |0 (DE-588)104949752X |0 (DE-627)782154204 |0 (DE-576)403480019 |4 aut | |
| 109 | |a Hochmüller, Markus 1985- | ||
| 245 | 1 | 0 | |a Lateinamerika |b transnationale Dynamiken der Sicherheit und Justiz |c Markus Hochmüller/Lars Ostermeier |
| 264 | 1 | |c 2016 | |
| 336 | |a Text |b txt |2 rdacontent | ||
| 337 | |a Computermedien |b c |2 rdamedia | ||
| 338 | |a Online-Ressource |b cr |2 rdacarrier | ||
| 500 | |a Literaturverzeichnis: Seite 258 | ||
| 520 | |a Editorial | ||
| 700 | 1 | |a Ostermeier, Lars |d 1978- |e VerfasserIn |0 (DE-588)1028400705 |0 (DE-627)73141716X |0 (DE-576)256570485 |4 aut | |
| 773 | 0 | 8 | |i Enthalten in |t Kriminologisches Journal |d Weinheim : Beltz Juventa, 1969 |g 48(2016), 4, Seite 255-258 |h Online-Ressource |w (DE-627)719408636 |w (DE-600)2669998-9 |w (DE-576)369992946 |7 nnas |
| 773 | 1 | 8 | |g volume:48 |g year:2016 |g number:4 |g pages:255-258 |
| 856 | 4 | 0 | |u https://content-select.com/de/portal/media/view/5835620b-1ed0-4c8c-aed6-0214b0dd2d03 |x Verlag |z kostenfrei |7 0 |
| 951 | |a AR | ||
| ELC | |a 1 | ||
| LOK | |0 000 xxxxxcx a22 zn 4500 | ||
| LOK | |0 001 4695531100 | ||
| LOK | |0 003 DE-627 | ||
| LOK | |0 004 1920858229 | ||
| LOK | |0 005 20250331122702 | ||
| LOK | |0 008 250331||||||||||||||||ger||||||| | ||
| LOK | |0 040 |a DE-21-110 |c DE-627 |d DE-21-110 | ||
| LOK | |0 092 |o n | ||
| LOK | |0 852 |a DE-21-110 | ||
| LOK | |0 852 1 |9 00 | ||
| LOK | |0 939 |a 31-03-25 |b l01 | ||
| OAS | |a 1 | ||
| ORI | |a SA-MARC-krimdoka001.raw | ||
